Countries of Africa in Alphabetical Order (Easy) - Statistics

General Stats
  • This quiz has been taken 137 times
    98 since last reset
  • The average score is 22 of 54
Answer Stats
Country % Correct
Algeria
98%
Angola
90%
Benin
84%
Burkina Faso
84%
Botswana
82%
Cameroon
73%
Burundi
69%
Chad
67%
Central African Republic
63%
Comoros
61%
Cape Verde
59%
Congo, Democratic Republic of
55%
Djibouti
51%
Eritrea
51%
Congo, Republic of
43%
Egypt
43%
Equatorial Guinea
41%
Ethiopia
41%
Zimbabwe
41%
Gambia
39%
Guinea
39%
Zambia
39%
Guinea-Bissau
37%
Gabon
35%
Ghana
35%
South Africa
35%
South Sudan
35%
Kenya
33%
Seychelles
33%
Eswatini
31%
Sierra Leone
31%
Sudan
31%
Liberia
29%
Malawi
29%
Mauritania
29%
Rwanda
29%
Tanzania
29%
Togo
29%
Tunisia
29%
Uganda
29%
Ivory Coast
27%
Lesotho
27%
Mali
27%
Niger
27%
Libya
24%
Mauritius
24%
Namibia
24%
Nigeria
24%
Senegal
24%
Somalia
24%
Morocco
22%
Mozambique
22%
São Tomé and Príncipe
22%
Madagascar
20%
No matching quizzes found
Score Distribution
Percent of People with Each Score
Percentile by Number Answered
Your Score History
You have not taken this quiz since the last reset